Statistics for 1,000 World Cities furthest from Larger City by Longitude Proximity

Click here to take the quiz!

General Stats

  • This quiz has been taken 6,008 times
  • The average score is 681 of 1000

Answers on the Map

Answers color-coded by a green-red scale on the quiz's map according to % correct below.
Loading ...
 

Answer Stats

#LatLon Pop (k) Country D (km) City% Correct
840.75-73.98 22,000 United States 3,360 New York
99%
1352.5213.4 4,500 Germany 450 Berlin
98%
951.5-0.12 14,400 United Kingdom 2,508 London
98%
15-4.3315.31 10,600 Democratic Republic of the Congo 1,781 Kinshasa
98%
11-8.8413.23 6,800 Angola 549 Luanda
98%
187.13-73.13 1,130 Colombia 286 Bucaramanga
98%
736.763.05 3,675 Algeria 518 Algiers
98%
84.6-74.08 9,350 Colombia 1,869 Bogotá
98%
1045.5-73.58 4,100 Canada 405 Montréal
98%
36.443.39 17,100 Nigeria 6,366 Lagos
98%
1542.33-71.07 7,350 United States 299 Boston
97%
115.55-0.22 4,575 Ghana 411 Accra
97%
1741.66-0.88 674 Spain 244 Zaragoza
97%
10-38-57.56 553 Argentina 343 Mar del Plata
97%
9-25.3-57.64 2,200 Paraguay 825 Asunción
97%
743.7-79.42 7,100 Canada 541 Toronto
97%
1239.49-0.4 1,930 Spain 298 Valencia
97%
12-26.1728.03 13,400 South Africa 4,483 Johannesburg
97%
199.4-0.84 360 Ghana 312 Tamale
97%
1010.96-74.8 2,000 Colombia 344 Barranquilla
97%
21-3.75-73.25 437 Peru 702 Iquitos
97%
940.4-3.68 6,250 Spain 1,054 Madrid
97%
12-31.96115.84 2,075 Australia 2,729 Perth
97%
848.872.33 11,200 France 341 Paris
97%
928.68115.88 3,675 China 262 Nanchang
97%
1640.8414.25 4,250 Italy 657 Naples
97%
855.7537.62 16,900 Russia 4,177 Moscow
97%
1735.71-0.62 1,340 Algeria 350 Oran
97%
828.6777.23 26,400 India 3,654 Delhi
97%
1136.67117 3,950 China 273 Jinan
97%
419.44-99.13 22,100 Mexico 11,319 Mexico City
97%
839.93116.39 21,100 China 958 Beijing
97%
633.6-7.62 4,175 Morocco 831 Casablanca
97%
333.99-118.18 17,600 United States 2,479 Los Angeles
97%
735.69139.75 39,500 Japan 2,903 Tokyo
97%
725.79-80.22 6,100 United States 1,484 Miami
97%
1744.85-0.6 1,010 France 437 Bordeaux
97%
641.129.01 14,300 Turkey 1,243 Istanbul
97%
12-34.6-58.4 15,800 Argentina 1,674 Buenos Aires
97%
1330.0531.25 16,800 Egypt 2,899 Cairo
97%
1359.9430.32 5,450 Russia 635 Saint Petersburg
96%
2643.97116.03 120 China 303 Xilin Hot
96%
12-27.46-58.98 387 Argentina 274 Resistencia
96%
1536.2337.17 2,125 Syria 313 Aleppo
96%
1038.92121.63 4,500 China 334 Dalian
96%
1350.4330.52 3,375 Ukraine 758 Kiev
96%
18-29.8730.98 3,225 South Africa 501 Durban
96%
11-3.1-60 2,075 Brazil 1,294 Manaus
96%
1310.73-71.66 2,475 Venezuela 519 Maracaibo
96%
151176.95 2,450 India 227 Coimbatore
96%
16-33.9218.43 4,125 South Africa 1,261 Cape Town
96%
146.8-58.16 235 Guyana 521 Georgetown
96%
12-1.2836.82 5,200 Kenya 667 Nairobi
96%
21-8.38-74.55 310 Peru 413 Pucallpa
96%
1847.519.08 2,575 Hungary 690 Budapest
96%
19-17.8231.04 2,325 Zimbabwe 975 Harare
96%
941.382.18 4,650 Spain 506 Barcelona
96%
1750.2619.02 2,375 Poland 307 Katowice
96%
25-36.72-73.12 252 Chile 415 Talcahuano
96%
85.32-4.04 5,050 Côte d'Ivoire 832 Abidjan
96%
1630.7276.78 2,025 India 231 Chandigarh
96%
1428.02120.65 5,900 China 251 Wenzhou
96%
838.9-77.01 8,350 United States 330 Washington
96%
931.22121.44 30,900 China 1,201 Shanghai
96%
9-6.17106.83 28,100 Indonesia 3,319 Jakarta
96%
1014.6120.98 23,300 Philippines 1,242 Manila
96%
1119.0272.86 23,200 India 887 Mumbai
96%
1113.522.12 1,120 Niger 414 Niamey
96%
1012.9777.56 10,500 India 837 Bangalore
96%
32-15.23-59.34 29 Brazil 232 Pontes e Lacerda
96%
8-12.05-77.05 9,950 Peru 3,130 Lima
96%
741.83-87.75 9,800 United States 1,158 Chicago
96%
1543.3276.92 1,770 Kazakhstan 666 Almaty
96%
1025.04121.57 9,050 Taiwan 358 Taipei
96%
15-16.4-71.54 841 Peru 361 Arequipa
96%
225.97116.07 457 Malaysia 671 Kota Kinabalu
96%
15-33.45-70.67 7,050 Chile 1,139 Santiago
96%
2246.81-71.21 528 Canada 233 Quebec
95%
104.069.71 2,825 Cameroon 605 Douala
95%
1759.3518.1 2,075 Sweden 691 Stockholm
95%
12-2.53140.72 134 Indonesia 1,046 Jayapura
95%
118.97-79.53 1,460 Panama 511 Panama City
95%
26-3.3736.68 341 Tanzania 230 Arusha
95%
2054.3518.65 461 Poland 244 Gdansk
95%
25-29.95-71.34 161 Chile 320 Coquimbo
95%
8-2.22-79.92 3,000 Ecuador 994 Guayaquil
95%
2146.4930.71 1,110 Ukraine 391 Odessa
95%
1238.4427.15 2,950 Turkey 303 Izmir
95%
1532.8913.18 1,110 Libya 513 Tripoli
95%
174.3718.56 1,060 Central African Republic 783 Bangui
95%
2038.1313.34 648 Italy 310 Palermo
95%
1355.6812.56 1,610 Denmark 289 Copenhagen
95%
28-12.3613.54 207 Angola 243 Lobito
95%
11-5.53-47.49 218 Brazil 463 Imperatriz
95%
1153.5510 2,750 Germany 255 Hamburg
95%
9-31.4-64.18 1,620 Argentina 646 Córdoba
95%
2652.4330.98 480 Belarus 222 Gomel
95%
219.313.4 436 Cameroon 282 Garoua
95%
2119.6237.22 489 Sudan 296 Port Sudan
95%
24-23.65-70.4 309 Chile 521 Antofagasta
95%
13-15.4228.28 2,275 Zambia 396 Lusaka
95%
1136.810.18 2,500 Tunisia 570 Tunis
95%
10-17.75-63.23 1,860 Bolivia 542 Santa Cruz
95%
24-18.01-70.25 280 Peru 224 Tacna
95%
11-32.95-60.67 1,340 Argentina 278 Rosario
95%
27-27.37-70.33 129 Chile 295 Copiapo
95%
29-14.9213.49 102 Angola 259 Lubango
95%
2316.27-0.04 87 Mali 383 Gao
95%
12-20.73139.5 22 Australia 665 Mount Isa
95%
4-23.56-46.63 21,800 Brazil 7,423 São Paulo
95%
1927.67-8.15 45 Algeria 237 Tindouf
95%
642.33-83.08 5,700 United States 334 Detroit
95%
2227.192.46 49 Algeria 317 In Salah
95%
2429.260.23 49 Algeria 351 Timimoun
95%
7-33.92151.19 4,900 Australia 5,380 Sydney
95%
1045.479.21 5,150 Italy 643 Milan
95%
729.49-98.51 2,050 United States 308 San Antonio
94%
274.1773.51 103 Maldives 609 Male
94%
2022.4-79.97 250 Cuba 240 Santa Clara
94%
1226.58106.72 2,875 China 331 Guiyang
94%
11-15.6-56.1 521 Brazil 557 Cuiaba
94%
31-17.8836.89 188 Mozambique 306 Quelimane
94%
740.59-122.39 89 United States 224 Redding
94%
3248.1-77.78 31 Canada 235 Val-d'Or
94%
745.52-122.68 2,275 United States 229 Portland
94%
1121.03105.85 2,950 Vietnam 322 Hanoi
94%
32-0.373.42 11 Maldives 494 Fuvahmulah
94%
1453.15140.72 27 Russia 385 Nikolayevsk-on-Amur
94%
2461.2573.42 300 Russia 640 Surgut
94%
738.72-9.14 2,600 Portugal 504 Lisbon
94%
33-30.75121.47 31 Australia 542 Kalgoorlie
94%
753.92-122.75 65 Canada 397 Prince George
94%
1010.78106.7 8,250 Vietnam 748 Ho Chi Minh City
94%
28-53.15-70.91 117 Chile 847 Punta Arenas
94%
133.4-76.5 2,925 Colombia 299 Cali
94%
612.65-8 2,950 Mali 920 Bamako
94%
1029.56106.59 7,050 China 272 Chongqing
94%
37-33.86121.88 7 Australia 347 Esperance
94%
841.15-8.62 1,190 Portugal 273 Porto
94%
9128.52 4,125 Nigeria 833 Kano
94%
747.57-122.34 4,075 United States 1,092 Seattle
94%
1654.9973.4 1,180 Russia 611 Omsk
94%
1538.47106.27 1,530 China 346 Yinchuan
94%
40-10.2131.18 91 Zambia 288 Kasama
94%
858.81-122.7 4 Canada 305 Fort Nelson
94%
637.74-122.46 7,600 United States 567 San Francisco
94%
1123.0372.58 7,450 India 445 Ahmedabad
93%
9-16.74-43.86 332 Brazil 336 Montes Claros
93%
2349.8373.17 451 Kazakhstan 574 Karagandy
93%
3369.6518.96 52 Norway 561 Tromso
93%
2146.14-60.18 105 Canada 312 Sydney
93%
3210.5772.64 10 India 326 Kavaratti
93%
309.1418.39 102 Chad 261 Sagh
93%
5-19.92-43.92 4,925 Brazil 340 Belo Horizonte
93%
289.77140.52 - Federated States of Micronesia 264 Fais
93%
36-1.6313.58 42 Gabon 286 Franceville
93%
3234.1777.58 37 India 229 Leh
93%
47-26.5818.13 15 Namibia 371 Keetmanshoop
93%
633.83-84.4 5,500 United States 869 Atlanta
93%
2225.06-77.34 227 Bahamas 297 Nassau
93%
5-22.93-43.23 12,700 Brazil 354 Rio de Janeiro
93%
1433.673.04 3,850 Pakistan 242 Rawalpindi
93%
1526.2973.02 1,320 India 286 Jodhpur
93%
1337.9823.73 3,425 Greece 570 Athens
93%
114837.83 1,470 Ukraine 250 Donetsk
93%
28-9.93-76.24 147 Peru 248 Huanuco
93%
43-19.5718.12 24 Namibia 250 Grootfontein
93%
3624.9610.17 24 Libya 317 Ghat
93%
290.0518.26 184 Democratic Republic of the Congo 477 Mbandaka
93%
32-9.17-60.63 26 Brazil 238 Aripuana
93%
27-5.0418.82 186 Democratic Republic of the Congo 267 Kikwit
93%
1818-76.79 937 Jamaica 475 Kingston
93%
326.6273.07 9 Maldives 274 Kulhudhuffushi
93%
26-12.74-60.15 63 Brazil 284 Vilhena
93%
152.82-60.67 235 Brazil 649 Boa Vista
93%
9-0.21-78.5 2,550 Ecuador 272 Quito
93%
284.5813.68 218 Cameroon 253 Bertoua
93%
25-20.22-70.14 227 Chile 244 Iquique
93%
713.75100.52 16,900 Thailand 1,533 Bangkok
92%
1233.3444.39 6,850 Iraq 695 Baghdad
92%
3953.32-60.33 7 Canada 442 Happy Valley-Goose Bay
92%
835.6751.42 13,700 Iran 1,913 Tehran
92%
3645.76106.27 15 Mongolia 222 Mandalgovi
92%
101.29103.86 6,900 Singapore 316 Singapore
92%
1448.97140.29 29 Russia 251 Sovetskaya Gavan'
92%
737.57127 24,400 South Korea 870 Seoul
92%
1347.92106.92 1,300 Mongolia 839 Ulaanbaatar
92%
1030.67104.07 9,600 China 1,240 Chengdu
92%
15-8.12-79.03 747 Peru 483 Trujillo
92%
138.35-62.64 746 Venezuela 522 Ciudad Guayana
92%
1423.14113.33 47,700 China --- Guangzhou
92%
179.711.67 237 Benin 277 Djougou
92%
1124.6446.77 6,700 Saudi Arabia 991 Riyadh
92%
651.537.04 5,600 Germany 447 The Ruhr
92%
1218.47-69.9 3,650 Dominican Republic 938 Santo Domingo
92%
2113.1-59.62 98 Barbados 339 Bridgetown
92%
1210.39-9.31 114 Guinea 288 Kankan
92%
2221.38-77.92 347 Cuba 264 Camaguey
92%
627.95-82.46 4,025 United States 326 Tampa
92%
38-22.35-60.03 8 Paraguay 233 Filadelfia
92%
3211.5937.39 168 Ethiopia 309 Bahir Dar
92%
1110.5-66.92 3,700 Venezuela 1,025 Caracas
91%
955.87-4.25 1,620 United Kingdom 284 Glasgow
91%
18-1.9530.06 1,000 Rwanda 376 Kigali
91%
41-14.6617.69 32 Angola 264 Menongue
91%
1340.1844.51 1,480 Armenia 279 Yerevan
91%
1559.9210.75 1,140 Norway 419 Oslo
91%
5-37.82144.98 4,400 Australia 708 Melbourne
91%
414.72-17.47 3,300 Senegal 1,800 Dakar
91%
441.2-70.17 5 Colombia 314 Mitu
91%
2866.0876.63 94 Russia 327 Novyy Urengoy
91%
1348.7144.5 1,410 Russia 500 Volgograd
91%
2763.4310.4 147 Norway 392 Trondheim
91%
533.54-112.07 4,325 United States 568 Phoenix
91%
1232.45-99.73 117 United States 228 Abilene
91%
22-20.1528.58 699 Zimbabwe 365 Bulawayo
91%
1215.3544.21 2,475 Yemen 861 Sana'a
91%
2552.2777 329 Kazakhstan 382 Pavlodar
91%
916.86-99.89 652 Mexico 237 Acapulco
91%
53-29.6617.89 10 South Africa 229 Springbok
91%
13-6.1523.6 1,860 Democratic Republic of the Congo 745 Mbuji-Mayi
91%
545.75126.65 5,150 China 508 Harbin
91%
4718.6912.92 2 Niger 491 Bilma
90%
2-41.29174.78 381 New Zealand 490 Wellington
90%
2151.83107.61 360 Russia 232 Ulan-Ude
90%
1811.18-4.3 360 Burkina Faso 328 Bobo-Dioulasso
90%
1126.21127.67 1,190 Japan 626 Naha
90%
17-38.72-62.27 276 Argentina 419 Bahia Blanca
90%
2621.99100.73 62 China 248 Jinghong
90%
2314.48-4.18 108 Mali 366 Mopti
90%
16-14.22-42.78 58 Brazil 221 Guanambi
90%
1956.9524.11 742 Latvia 362 Riga
90%
399.5331.66 160 South Sudan 386 Malakal
90%
3218.9-3.53 4 Mali 242 Araouane
90%
44-7.9731.62 89 Tanzania 226 Sumbawanga
90%
7-5.1-42.78 1,010 Brazil 329 Teresina
90%
2369.31139.98 3 Russia 285 Deputatsky
90%
2049.8424.02 717 Ukraine 294 Lviv
90%
5722.3531.62 5 Egypt 233 Abu Sunbul
90%
5718.5531.85 19 Sudan 232 Kuraymah
90%
1430.58114.27 8,000 China 567 Wuhan
90%
640.78-111.93 2,300 United States 601 Salt Lake City
90%
1534.75113.67 4,675 China 441 Zhengzhou
90%
2-36.85174.76 1,470 New Zealand 2,161 Auckland
90%
1915.5932.53 5,550 Sudan 1,606 Khartoum
90%
1334.28117.18 2,550 China 266 Xuzhou
90%
1235.2-80.83 2,275 United States 361 Charlotte
90%
2514.61-61.07 89 France 229 Fort-de-France
89%
13-11.6827.48 1,870 Democratic Republic of the Congo 422 Lubumbashi
89%
932.82-96.84 6,550 United States 1,282 Dallas
89%
934.75135.46 17,800 Japan 404 Osaka
89%
7-1.45-48.48 2,150 Brazil 1,129 Belém
89%
6-15.78-47.92 3,825 Brazil 623 Brasília
89%
3322.67-3.98 3 Mali 420 Taoudenni
89%
1550.0814.47 1,470 Czech Republic 251 Prague
89%
9-18.92-48.28 563 Brazil 254 Uberlandia
89%
1353.927.57 1,960 Belarus 435 Minsk
89%
836.17-86.78 1,360 United States 338 Nashville
89%
1761.6850.81 230 Russia 349 Syktyvkar
88%
1821.5239.22 4,225 Saudi Arabia 847 Jeddah
88%
1235.47-97.52 1,090 United States 300 Oklahoma City
88%
3711.0229.72 87 Sudan 232 Kadugli
88%
26-1.24116.89 700 Indonesia 514 Balikpapan
88%
1539.9332.86 4,675 Turkey 351 Ankara
88%
1544.4326.1 2,200 Romania 439 Bucharest
88%
18-6.839.27 5,300 Tanzania 2,453 Dar es Salaam
88%
536.21-115.22 2,075 United States 365 Las Vegas
88%
2513.1830.22 393 Sudan 361 El Obeid
88%
1441.26-95.94 408 United States 264 Omaha
88%
11-23.38150.51 61 Australia 249 Rockhampton
88%
959.56150.8 95 Russia 872 Magadan
88%
932.751.7 2,750 Iran 330 Isfahan
88%
747.66-117.43 208 United States 368 Spokane
88%
174.75-6.64 196 Côte d'Ivoire 236 San-Pedro
88%
149.0338.7 3,475 Ethiopia 987 Addis Ababa
88%
19-33.9725.6 1,210 South Africa 662 Port Elizabeth
88%
1421.17-86.85 542 Mexico 288 Cancun
88%
1356.3344 1,760 Russia 402 Nizhny Novgorod
88%
150.56101.43 1,180 Indonesia 282 Pekanbaru
88%
23-33.0227.91 478 South Africa 239 East London
87%
2362.01-6.77 13 Denmark 366 Torshavn
87%
142.0745.37 1,720 Somalia 1,021 Mogadishu
87%
190.3232.58 3,025 Uganda 503 Kampala
87%
429.82-95.34 6,200 United States 361 Houston
87%
404.7445.2 55 Somalia 248 Beledweyne
87%
226.91122.07 457 Philippines 263 Zamboanga
87%
21-25.9632.59 2,200 Mozambique 456 Maputo
87%
923.13-82.36 2,225 Cuba 365 Havana
87%
209.5644.07 477 Somalia 245 Hargeisa
87%
324.8531.58 300 South Sudan 513 Juba
87%
10-10.17-48.33 196 Brazil 521 Palmas
87%
1833.52-86.8 212 United States 225 Birmingham
87%
1712.1115.05 1,210 Chad 710 N'Djamena
87%
1137.41-5.98 1,320 Spain 313 Seville
86%
639.11-94.6 1,920 United States 382 Kansas City
86%
21-4.0439.69 1,120 Kenya 308 Mombasa
86%
2124.539.58 1,340 Saudi Arabia 332 Medina
86%
1845.0438.98 649 Russia 249 Krasnodar
86%
2026.3343.97 391 Saudi Arabia 330 Buraydah
86%
2437.8832.48 1,210 Turkey 230 Konya
86%
2147.1251.88 180 Kazakhstan 305 Atyrau
86%
1449.88-97.15 632 Canada 619 Winnipeg
86%
36-23.3543.67 115 Madagascar 409 Toliara
86%
1517.07-96.72 262 Mexico 241 Oaxaca
86%
524.8766.99 24,300 Pakistan 1,101 Karachi
86%
1865.73150.89 3 Russia 355 Zyryanka
86%
2051.7339.27 1,040 Russia 286 Voronezh
86%
260.5225.19 539 Democratic Republic of the Congo 606 Kisangani
85%
12-16.5-68.15 1,890 Bolivia 1,078 La Paz
85%
3511.1339.63 136 Ethiopia 250 Dese
85%
34-17.96122.24 12 Australia 462 Broome
85%
28-2.5232.9 436 Tanzania 315 Mwanza
85%
24-15.1239.27 388 Mozambique 462 Nampula
85%
49-0.4539.65 67 Kenya 293 Garissa
85%
238.43-82.43 82 Panama 246 David
85%
839.16-84.46 2,725 United States 347 Cincinnati
85%
925.2355.28 3,925 United Arab Emirates 855 Dubai
85%
2151.2351.37 200 Kazakhstan 233 Oral
85%
1746.88-96.79 105 United States 335 Fargo
85%
2035.96-83.92 178 United States 230 Knoxville
85%
339.74-104.98 3,525 United States 934 Denver
85%
1643.55-96.7 153 United States 262 Sioux Falls
85%
2343.6551.17 147 Kazakhstan 306 Aktau
85%
1233.536.3 3,475 Syria 612 Damascus
85%
1915.3438.93 563 Eritrea 436 Asmara
85%
1218.44-66.13 2,150 United States 398 San Juan
85%
522.4988.32 16,000 India 253 Kolkata
85%
1053.33-6.25 1,330 Ireland 221 Dublin
85%
14-17.41-66.17 1,200 Bolivia 233 Cochabamba
85%
913.0980.28 10,000 India 295 Chennai
85%
2368.63-95.88 1 Canada 670 Gjoa Haven
85%
2160.1824.93 1,230 Finland 300 Helsinki
85%
4717.9319.1 13 Chad 276 Faya-Largeau
84%
832.63-16.9 100 Portugal 463 Funchal
84%
617.478.48 9,000 India 500 Hyderabad
84%
18-19.01-57.65 96 Brazil 352 Corumba
84%
3013.1632.66 345 Sudan 264 Kosti
84%
715.5-88.03 1,110 Honduras 234 San Pedro Sula
84%
135036.25 1,650 Ukraine 411 Kharkiv
84%
3962.8927.68 89 Finland 237 Kuopio
84%
1443.54-5.66 277 Spain 222 Gijon
84%
18-10.32150.46 10 Papua New Guinea 298 Alotau
84%
3025.732.64 422 Egypt 473 Luxor
84%
37-51.7-57.85 2 United Kingdom 726 Stanley
84%
34-8.933.45 291 Tanzania 561 Mbeya
84%
1252.2521 2,275 Poland 260 Warsaw
84%
10-18.9247.52 2,225 Madagascar 1,610 Antananarivo
84%
362.7924.73 50 Democratic Republic of the Congo 256 Buta
84%
3244.5933.52 379 Ukraine 289 Sevastopol
84%
3168.9833.09 319 Russia 593 Murmansk
84%
3148.95-57.95 18 Canada 341 Corner Brook
84%
336.9919.19 56 Central African Republic 253 Kaga Bandoro
84%
137.45151.85 13 Federated States of Micronesia 1,016 Weno
84%
938.64-90.24 2,350 United States 413 Saint Louis
84%
362.7727.62 127 Democratic Republic of the Congo 345 Isiro
84%
16-2.57150.8 14 Papua New Guinea 255 Kavieng
84%
2812.8711.05 125 Nigeria 246 Gashua
84%
483.5239.05 34 Kenya 225 Moyale
84%
35-1.8711.06 22 Gabon 242 Mouila
84%
37-6.22-57.75 1 Brazil 287 Jacareacanga
84%
814.62-90.53 3,000 Guatemala 1,059 Guatemala City
84%
377.728 127 South Sudan 451 Wau
84%
39-5.0232.83 145 Tanzania 276 Tabora
84%
412.7732.3 146 Uganda 243 Gulu
84%
17-31.39-58.02 145 Argentina 240 Concordia
84%
1236.06103.79 2,850 China 505 Lanzhou
84%
751.08-114.08 1,420 Canada 675 Calgary
84%
753.55-113.5 1,270 Canada 277 Edmonton
84%
1054.7956.04 1,120 Russia 348 Ufa
83%
23-13.52-71.97 312 Peru 321 Cusco
83%
1326.87100.22 1,137 China 316 Lijiang
83%
1832.1120.07 650 Libya 652 Benghazi
83%
3132.0823.98 121 Libya 368 Tobruk
83%
2346.54-87.4 21 United States 230 Marquette
83%
180.79127.38 101 Indonesia 255 Ternate
83%
1344.8220.47 1,400 Serbia 316 Belgrade
83%
2052.3104.3 586 Russia 522 Irkutsk
83%
720.93-17.03 72 Mauritania 324 Nouadhibou
83%
223.7290.41 17,600 Bangladesh 1,425 Dhaka
83%
3170.92-8.72 - Norway 647 Olonkinbyen
83%
2123.36104.25 450 China 242 Wenshan City
83%
2618.441.41 11 Mali 285 Kidal
83%
830.44-9.62 1,090 Morocco 398 Agadir
83%
1550.28127.54 221 Russia 234 Blagoveshchensk
83%
39-4.22-69.94 29 Colombia 371 Leticia
83%
1642.6823.32 1,330 Bulgaria 297 Sofia
83%
125.41100.33 1,550 Malaysia 275 George Town
83%
16-2.98104.75 1,690 Indonesia 421 Palembang
83%
109.94-84.08 1,840 Costa Rica 871 San José
83%
2546.7723.6 316 Romania 307 Cluj-Napoca
82%
2241.1180.27 340 China 364 Yingbazha
82%
15-7.53-46.04 68 Brazil 242 Balsas
82%
3464.28100.22 5 Russia 559 Tura
82%
3173.5180.53 1 Russia 499 Dikson
82%
3149.63100.16 27 Mongolia 292 Mörön
82%
116.9379.86 4,675 Sri Lanka 682 Colombo
82%
920.97-89.62 1,070 Mexico 627 Mérida
82%
2747.9680.43 33 Kazakhstan 274 Ayagoz
82%
2753.74127.26 26 Russia 227 Zeya
82%
125856.25 1,100 Russia 290 Perm
82%
2437.1179.94 114 China 395 Hotan
82%
935.12-90 1,150 United States 314 Memphis
82%
44-6.66-69.87 17 Brazil 268 Eirunepe
82%
930-90.04 1,010 United States 512 New Orleans
82%
1423.1879.96 1,390 India 239 Jabalpur
82%
1934.3847.06 766 Iran 271 Kahriz
82%
1416.5280.63 1,760 India 248 Vijayawada
82%
180.399.45 578 Gabon 405 Libreville
82%
39-12.7845.23 54 France 345 Mamoudzou
81%
1024.45118.08 10,000 China 505 Xiamen
81%
2813.1103.2 150 Cambodia 238 Battambang
81%
1336.09120.33 5,700 China 436 Qingdao
81%
1960.72-46.03 3 Denmark 484 Qaqortoq
81%
37-45.58-72.07 45 Chile 357 Coihaique
81%
3049.03104.08 79 Mongolia 241 Erdenet
81%
1722.63120.27 2,800 Taiwan 297 Kaohsiung
81%
30-15.94-5.72 - United Kingdom 1,917 Jamestown
81%
2915.24104.85 122 Thailand 233 Ubon Ratchathani
81%
1432.05118.78 6,850 China 239 Nanjing
81%
1148.48135.08 579 Russia 359 Khabarovsk
81%
40-20.2944.32 36 Madagascar 282 Morondava
80%
113.17101.7 7,000 Malaysia 1,006 Kuala Lumpur
80%
1050.45-104.62 176 Canada 232 Regina
80%
4-27.46153.04 2,900 Australia 738 Brisbane
80%
3951.23-58.65 3 Canada 245 Saint-Augustin
80%
22-9.97-67.81 257 Brazil 449 Rio Branco
80%
2142.9847.5 497 Russia 262 Makhachkala
80%
423.8547.18 26 Somalia 220 Ceeldheer
80%
17-8.65115.22 1,500 Indonesia 313 Denpasar
80%
45-26.6515.16 15 Namibia 296 Luderitz
80%
1325.07102.68 3,950 China 630 Kunming
80%
26-45.86-67.5 140 Argentina 656 Comodoro Rivadavia
80%
355.66-67.62 52 Venezuela 246 Puerto Ayacucho
80%
1562.46-114.35 15 Canada 659 Yellowknife
80%
2612.58-81.7 58 Colombia 321 San Andres
80%
1432.3-90.18 173 United States 224 Jackson
79%
33-17.8425.85 109 Zambia 373 Livingstone
79%
32-24.6525.91 208 Botswana 245 Gaborone
79%
33-2.9425.92 135 Democratic Republic of the Congo 328 Kindu
79%
2913.6325.35 252 Sudan 254 El Fasher
79%
1026.7188.43 515 India 259 Shiliguri
79%
1643.26-2.93 354 Spain 245 Bilbao
79%
4024.223.29 46 Libya 746 Al Jawf
79%
743.8187.58 3,625 China 1,692 Ürümqi
79%
17-20.8855.45 137 France 228 Saint-Denis
79%
3265.0125.47 128 Finland 400 Oulu
79%
1315.21145.75 48 United States 2,039 Saipan
79%
3419.9656.28 1 Oman 297 Hayma'
79%
30-4.6255.45 22 Seychelles 1,085 Victoria
79%
9-16.92145.77 153 Australia 281 Cairns
79%
2030.44-84.28 181 United States 234 Tallahassee
79%
40-19.9823.42 49 Botswana 349 Maun
79%
39-15.2523.13 52 Zambia 408 Mongu
79%
1251.7755.1 550 Russia 335 Orenburg
79%
321.31-157.86 1,000 United States 3,852 Honolulu
79%
1433.39-104.52 48 United States 242 Roswell
79%
4367.2814.41 34 Norway 323 Bodo
78%
36-22.9614.51 52 Namibia 268 Walvis Bay
78%
3227.0414.43 130 Libya 595 Sabha
78%
326.7747.43 61 Somalia 369 Gaalkacyo
78%
2045.8115.98 800 Croatia 266 Zagreb
78%
4131.3527.24 62 Egypt 258 Mersa Matruh
78%
841.3169.29 2,650 Uzbekistan 754 Tashkent
78%
20-0.74-90.31 8 Ecuador 1,054 Puerto Ayora
78%
4414.1215.31 18 Chad 223 Mao
78%
734.5269.18 3,725 Afghanistan 370 Kabul
78%
3235.3325.14 137 Greece 320 Heraklion
77%
3965.4452.15 5 Russia 221 Ust-Tsilma
77%
955.17-118.8 41 Canada 291 Grande Prairie
77%
1265.68-18.09 17 Iceland 249 Akureyri
77%
4929.225.52 7 Egypt 286 Siwa Oasis
77%
2716.77-3.01 32 Mali 282 Timbuktu
77%
2457.6339.87 606 Russia 250 Yaroslavl
77%
938.5468.78 679 Tajikistan 305 Dushanbe
77%
3616.2152.18 10 Yemen 223 Al Ghayzah
77%
1356.73-111.38 76 Canada 377 Fort McMurray
77%
2819.29-81.37 29 United Kingdom 313 George Town
77%
217.34134.47 14 Palau 876 Koror State
76%
2128.436.57 455 Saudi Arabia 395 Tabuk
76%
4030.139.5 7 Libya 238 Ghadamis
76%
126.28-75.58 3,800 Colombia 248 Medellín
76%
931.5674.35 10,200 Pakistan 423 Lahore
76%
31-3.3217.38 118 Democratic Republic of the Congo 248 Bandundu
76%
2415.4536.4 401 Sudan 272 Kassala
76%
1229.6591.1 118 China 353 Lhasa
76%
2341.2936.33 394 Turkey 292 Samsun
76%
2246.49-80.99 157 Canada 254 Greater Sudbury
76%
25-38.74-72.6 238 Chile 228 Temuco
76%
1551.5846.03 1,090 Russia 333 Saratov
76%
3261.2646.65 59 Russia 226 Kotlas
76%
1143.47-112.03 56 United States 249 Idaho Falls
76%
1438.0946.3 1,620 Iran 400 Tabriz
76%
1469.3588.2 140 Russia 1,082 Noril'sk
76%
12-3.36135.5 43 Indonesia 317 Nabire
76%
1447.8588.13 139 China 426 Altay
76%
829.3747.98 4,150 Kuwait 537 Kuwait City
76%
28-15.7246.32 154 Madagascar 376 Mahajanga
75%
2652.03113.5 308 Russia 405 Chita
75%
2137.9240.22 644 Turkey 267 Diyarbakir
75%
23-13.9833.78 1,070 Malawi 515 Lilongwe
75%
33-18.22127.67 1 Australia 294 Halls Creek
75%
22-31.5145.84 4 Australia 241 Cobar
75%
33-8.7424.99 73 Democratic Republic of the Congo 224 Kamina
75%
935.1129.01 4,275 South Korea 328 Busan
75%
4060.37120.42 8 Russia 303 Olyokminsk
75%
1818.51-88.3 134 Mexico 276 Chetumal
74%
4229.1616.14 27 Libya 231 Waddan
74%
25-29.01134.75 1 Australia 268 Coober Pedy
74%
62.02-157.49 1 Kiribati 1,895 Tabwakea Village
74%
44-10.2740.18 96 Tanzania 301 Mtwara
74%
2339.239.12 149 Italy 283 Cagliari
74%
2367.66134.64 4 Russia 502 Batagay
74%
3135.3440.14 242 Syria 236 Deir ez-Zor
74%
14-5.86144.23 33 Papua New Guinea 319 Mount Hagen
74%
629.1-110.98 595 Mexico 479 Hermosillo
74%
186.13102.24 1,459 Malaysia 225 Kota Bharu
74%
19-33.3-66.34 183 Argentina 236 San Luis
74%
328.5716.08 135 Chad 296 Moundou
74%
461.7540.06 45 Kenya 247 Wajir
74%
35-24.88113.66 7 Australia 442 Carnarvon
74%
5810.2822.79 10 Central African Republic 286 Birao
73%
728.64-106.09 809 Mexico 340 Chihuahua
73%
28-41.47-72.94 160 Chile 304 Puerto Montt
73%
1531.954.37 477 Iran 266 Yazd
73%
15-26.82-65.22 781 Argentina 517 San Miguel de Tucuman
73%
109.087.53 2,825 Nigeria 340 Abuja
73%
33-7.63-72.67 79 Brazil 223 Cruzeiro do Sul
73%
831.69-106.49 1,440 Mexico 562 Ciudad Juárez
73%
1254.8769.14 200 Kazakhstan 251 Petropavlov
73%
625.67-100.33 4,650 Mexico 633 Monterrey
73%
1027.7168.86 417 Pakistan 260 Sukkur
73%
1328.2112.97 4,450 China 292 Changsha
73%
2339.5154.37 87 Turkmenistan 260 Balkanabat
72%
824.81-107.4 582 Mexico 409 Culiacan
72%
12-7.25112.75 4,700 Indonesia 573 Surabaya
72%
1536.85-75.98 1,610 United States 244 Virginia Beach
72%
284.41114.01 228 Malaysia 286 Miri
72%
26-12.7815.74 226 Angola 395 Huambo
72%
21-8.76-63.9 306 Brazil 759 Porto Velho
72%
630.2267.02 1,180 Pakistan 426 Quetta
72%
1037.88112.55 4,200 China 360 Taiyuan
72%
759.04-158.46 2 United States 268 Dillingham
72%
1718.54-72.34 2,850 Haiti 257 Port-au-Prince
72%
261.22-149.9 291 United States 2,134 Anchorage
72%
264.14-21.9 118 Iceland 1,325 Reykjavik
72%
34-25.1846.09 66 Madagascar 318 Ambovombe
72%
3138.1773.97 10 Tajikistan 225 Murghob
71%
24-11.01-66.06 74 Bolivia 222 Riberalta
71%
3562.54113.96 40 Russia 787 Mirny
71%
1610.13-64.7 424 Venezuela 241 Barcelona
71%
936.7167.11 303 Afghanistan 250 Mazar-e Sharif
71%
3646.68113.28 15 Mongolia 316 Baruun-Urt
71%
2120.02-75.82 555 Cuba 245 Santiago de Cuba
71%
544.98-93.25 3,050 United States 566 Minneapolis
71%
636.2759.57 3,075 Iran 737 Mashhad
71%
1034.28108.89 6,650 China 565 Xi'an
70%
3557.85114.19 15 Russia 322 Bodaybo
70%
40-4.88-66.9 18 Brazil 296 Carauari
70%
4352.95-66.91 10 Canada 307 Labrador City
70%
1450.2566.92 42 Kazakhstan 281 Arkalyk
70%
1347.7867.77 104 Kazakhstan 369 Zhezqazghan
70%
38-3.5223.6 68 Democratic Republic of the Congo 265 Lodja
70%
2062.78148.15 7 Russia 314 Susuman
70%
41-0.13-67.09 15 Brazil 285 Sao Gabriel da Cachoeira
70%
2-17.55-149.6 29 France 2,409 Faaa
70%
3-43.53172.63 363 New Zealand 305 Christchurch
70%
4171.96114.09 1 Russia 390 Saskylakh
70%
104.817.01 2,075 Nigeria 310 Port Harcourt
70%
5-25.42-49.32 3,275 Brazil 342 Curitiba
70%
922.82108.32 3,200 China 514 Nanning
70%
1813.065.24 563 Nigeria 342 Sokoto
69%
25-3.8102.27 309 Indonesia 285 Bengkulu
69%
2160.395.32 213 Norway 305 Bergen
69%
420.67-103.33 4,975 Mexico 459 Guadalajara
69%
41-17.7815.68 33 Namibia 394 Oshakati
69%
1335.48.12 634 Algeria 231 Tebessa
69%
1145.774.83 1,930 France 342 Lyon
69%
1144.58129.6 665 China 256 Mudanjiang
69%
5878.2215.65 2 Norway 860 Longyearbyen
69%
2146.52-84.33 74 Canada 256 Sault Ste. Marie
69%
1043.295.38 1,640 France 269 Marseille
69%
374.2615.79 61 Central African Republic 236 Berberati
69%
8-30.05-51.2 4,075 Brazil 844 Porto Alegre
69%
280.1429.29 154 Democratic Republic of the Congo 246 Butembo
68%
6-34.93138.6 1,300 Australia 655 Adelaide
68%
46.31-10.8 1,340 Liberia 359 Monrovia
68%
3263.8320.26 74 Sweden 272 Umea
68%
19-36.62-64.28 111 Argentina 293 Santa Rosa
68%
2222.795.52 73 Algeria 689 Tamanrasset
68%
946.87-113.99 66 United States 261 Missoula
68%
2156.13101.61 256 Russia 461 Bratsk
68%
17-24.79-65.41 512 Argentina 226 Salta
67%
2860.15-1.15 22 United Kingdom 339 Lerwick
67%
921.1779.09 3,025 India 422 Nagpur
67%
3426.488.47 6 Algeria 240 Illizi
67%
1615.3675.13 1,050 India 372 Hubli
67%
20-38.95-68.06 242 Argentina 503 Neuquen
66%
69.53-13.68 2,225 Guinea 706 Conakry
66%
33-54.8-68.3 58 Argentina 250 Ushuaia
66%
1414.45-11.44 78 Mali 251 Kayes
66%
1660-111.89 2 Canada 234 Fort Smith
66%
41-11.743.26 42 Comoros 245 Moroni
66%
1616.62-11.4 40 Mauritania 230 Kiffa
66%
943.61-116.2 145 United States 459 Boise
66%
812.15-86.27 1,340 Nicaragua 342 Managua
66%
1326.9275.81 3,525 India 239 Jaipur
66%
943.11131.87 587 Russia 245 Vladivostok
65%
611.86-15.6 388 Guinea-Bissau 331 Bissau
65%
728.1-15.41 381 Spain 619 Las Palmas de Gran Canaria
65%
5117.1821.59 23 Chad 379 Fada
65%
36-9.6620.39 40 Angola 361 Saurimo
65%
61-2421.78 4 Botswana 237 Hukuntsi
65%
58-21.5721.78 9 Botswana 244 Ghanzi
65%
2714.04-83.39 33 Nicaragua 227 Bilwi
65%
60-18.3721.84 5 Botswana 224 Shakawe
65%
618.09-15.98 1,060 Mauritania 405 Nouakchott
65%
5921.8417.43 1 Chad 446 Aozou
65%
23-1.18136.08 4 Indonesia 225 Biak
65%
10-20.44-54.65 729 Brazil 619 Campo Grande
65%
723.68-15.96 75 Morocco 474 Dakhla
65%
14-34.73135.87 13 Australia 244 Port Lincoln
65%
23-43.25-65.31 93 Argentina 338 Trelew
64%
3556.79105.77 48 Russia 230 Ust'-Kut
64%
3544.67102.17 27 Mongolia 506 Hovd
64%
4011.0320.28 28 Chad 294 Am Timan
64%
11-25.51-54.61 320 Paraguay 305 Ciudad del Este
64%
6-24.87152.35 70 Australia 294 Bundaberg
64%
167.69-5.03 567 Côte d'Ivoire 275 Bouake
64%
1226.8680.91 3,325 India 415 Lucknow
63%
11-23.31-51.16 471 Brazil 299 Londrina
63%
25-6.64-52 16 Brazil 339 Sao Felix do Xingu
63%
10-9.44147.18 283 Papua New Guinea 2,086 Port Moresby
63%
110.04-51.07 338 Brazil 329 Macapa
63%
1946.3548.04 502 Russia 374 Astrakhan'
63%
2664.18-51.72 14 Denmark 1,437 Nuuk
63%
1247.35130.3 743 China 331 Hegang
63%
523.6158.59 1,180 Oman 380 Muscat
63%
19-17.88-51.71 76 Brazil 266 Jatai
63%
9-4.35152.26 26 Papua New Guinea 417 Kokopo
63%
1124.14-110.31 171 Mexico 225 La Paz
63%
15-0.88131.26 125 Indonesia 462 Sorong
63%
2216.977.99 124 Niger 366 Agadez
63%
3871.98102.47 3 Russia 586 Khatanga
63%
9-19.27146.81 196 Australia 1,087 Townsville
63%
3960.35102.28 3 Russia 254 Vanavara
63%
853.4259.05 413 Russia 247 Magnitogorsk
62%
1916.62-7.25 60 Mauritania 369 Nema
62%
1141.8129.78 327 North Korea 225 Chongjin
62%
2-8.08-34.92 3,775 Brazil 1,630 Recife
62%
2654.72135.32 1 Russia 267 Chumikan
62%
2-5.78-35.24 1,370 Brazil 256 Natal
62%
1748.38-89.25 99 Canada 439 Thunder Bay
62%
5170.47-68.59 1 Canada 496 Clyde River
62%
5063.75-68.51 6 Canada 821 Iqaluit
62%
20-21.54-64.73 159 Bolivia 282 Tarija
61%
1038.29141.02 1,490 Japan 310 Sendai
61%
716.7896.17 5,150 Myanmar 575 Yangon
61%
821.9796.09 1,400 Myanmar 443 Mandalay
61%
11-6.72146.98 76 Papua New Guinea 301 Lae
61%
3055.4578.32 48 Russia 296 Kuybyshev
61%
2762.476.15 44 Norway 235 Alesund
61%
24-29.1226.21 463 South Africa 319 Bloemfontein
61%
9-42.88147.33 216 Australia 582 Hobart
61%
1462.03129.73 235 Russia 1,353 Yakutsk
61%
1043.07141.34 2,500 Japan 831 Sapporo
61%
23-14.83-64.9 84 Bolivia 313 Trinidad
61%
43-0.2820.88 32 Democratic Republic of the Congo 278 Boende
60%
23-3.98122.52 195 Indonesia 365 Kendari
60%
1827.1956.28 352 Iran 222 Bandar 'Abbas
60%
3868.5112.45 2 Russia 231 Olenyok
60%
2057.7111.97 504 Sweden 228 Gothenburg
59%
1767.83-115.1 1 Canada 599 Kugluktuk
59%
43-10.42105.68 - Australia 391 Flying Fish Cove
59%
1744.65-63.57 359 Canada 641 Halifax
59%
4-3.75-38.58 3,575 Brazil 627 Fortaleza
59%
625.57-103.42 1,300 Mexico 310 Torreón
59%
2333.656.92 49 Iran 228 Tabas
59%
17-4.7811.86 659 Republic of the Congo 383 Pointe-Noire
59%
4-12.97-38.48 3,650 Brazil 667 Salvador
59%
29-1.45.63 4 Equatorial Guinea 227 Pale
59%
179.52138.12 7 Federated States of Micronesia 467 Colonia
59%
21-27.11-109.35 4 Chile 3,530 Hanga Roa
59%
2656.46138.18 1 Russia 265 Ayan
59%
1140.449.86 2,450 Azerbaijan 541 Baku
59%
1126.4350.1 2,375 Saudi Arabia 387 Dammam
59%
3011.4626.13 264 Sudan 484 El Daein
59%
425.6285.13 2,475 India 232 Patna
58%
7-35.28149.13 367 Australia 241 Canberra
58%
9-29.68-53.81 249 Brazil 251 Santa Maria
58%
1141.8123.45 7,650 China 560 Shenyang
58%
919.7596.13 925 Myanmar 246 Naypyidaw
58%
250.346.73 53 São Tomé and Príncipe 256 Sao Tome
58%
1253.250.15 1,320 Russia 527 Samara
58%
40-11.7819.92 21 Angola 240 Luena
58%
627.7285.32 2,775 Nepal 446 Kathmandu
58%
34-28.4521.26 71 South Africa 344 Upington
58%
922.7986.2 1,540 India 221 Jamshedpur
58%
33-17.9319.77 58 Namibia 583 Rundu
58%
10-7.21-39.32 225 Brazil 379 Juazeiro do Norte
58%
1658.649.66 457 Russia 287 Kirov
57%
1143.87125.34 3,700 China 233 Changchun
57%
95.5695.32 250 Indonesia 429 Banda Aceh
57%
1327.16-13.2 196 Morocco 241 El Aaiún
57%
1232.8759.22 196 Iran 321 Birjand
57%
2441.1116.86 277 Italy 221 Bari
57%
1142.4559.61 230 Uzbekistan 502 Nukus
57%
1422.7275.87 2,775 India 338 Indore
57%
2739.4575.98 274 China 343 Kashi
57%
1222.28-97.87 309 Mexico 255 Tampico
57%
1313.77-13.67 78 Senegal 267 Tambacounda
57%
1230.2857.08 577 Iran 441 Kerman
56%
7-45.87170.5 114 New Zealand 310 Dunedin
56%
820.2785.83 1,730 India 357 Bhubaneswar
56%
2570.62147.9 2 Russia 336 Chokurdakh
56%
2546.8575 81 Kazakhstan 305 Balkhash
56%
1416.15-13.5 55 Mauritania 263 Kaedi
56%
2020.52-13.05 24 Mauritania 251 Atar
56%
21-15.89-52.26 52 Brazil 227 Barra do Garcas
55%
21-3.2-52.21 70 Brazil 288 Altamira
55%
2147.56-52.71 99 Canada 591 Saint John's
55%
1450.2857.21 262 Kazakhstan 222 Aqtobe
55%
214.93-52.33 61 France 330 Cayenne
55%
1455.7549.13 1,220 Russia 292 Kazan
55%
1312.37-1.52 2,100 Burkina Faso 628 Ouagadougou
55%
2811.2849.18 74 Somalia 360 Bosaso
55%
27-12.2849.29 82 Madagascar 497 Antsiranana
55%
2465.1557.22 46 Russia 245 Pechora
55%
28-16.1749.77 41 Madagascar 222 Mananara
55%
4258.3745.52 29 Russia 225 Shar'ya
54%
829.6352.57 1,710 Iran 350 Shiraz
54%
16-31.96141.46 18 Australia 255 Broken Hill
54%
24-14.07-75.73 246 Peru 228 Ica
54%
40-12.73-69.18 38 Peru 314 Tambopata
54%
458.3-134.42 31 United States 872 Juneau
54%
4-23.12-134.97 1 France 1,536 Rikitea
54%
18-5.62132.79 39 Indonesia 391 Tual
54%
18-2.02147.27 5 Papua New Guinea 390 Lorengau
54%
360.72-135.05 23 Canada 271 Whitehorse
54%
12-2.44-54.71 189 Brazil 489 Santarem
54%
1510.32123.9 2,275 Philippines 570 Cebu
54%
363131.12 - Palau 373 Tobi Village
54%
1340.65109.82 2,150 China 387 Baotou
54%
4120.4645.58 24 Saudi Arabia 314 As Sulayyil
54%
4232.38-64.68 1 United Kingdom 1,083 Saint George's
54%
4023.52-75.79 7 Bahamas 232 George Town
54%
145.87-55.17 223 Suriname 346 Paramaribo
54%
13-27.37-55.9 312 Argentina 242 Posadas
54%
16-11.86-55.5 116 Brazil 417 Sinop
53%
1467.46153.7 3 Russia 228 Srednekolymsk
53%
2147.22-1.55 277 France 273 Nantes
53%
2956.67124.64 66 Russia 664 Neryungri
53%
2255.74-97.86 12 Canada 585 Thompson
53%
201.48124.85 451 Indonesia 513 Manado
53%
17-6.12141.29 11 Papua New Guinea 261 Kiunga
53%
1265.61-37.64 1 Denmark 662 Tasiilaq
53%
13-34.19142.16 30 Australia 327 Mildura
53%
16-3.7128.18 355 Indonesia 682 Ambon
53%
127.11125.63 1,340 Philippines 402 Davao
52%
44-6.4816.82 20 Democratic Republic of the Congo 230 Kasongo-Lunda
52%
22-4.28-55.98 64 Brazil 247 Itaituba
52%
10-21.15149.17 74 Australia 323 Mackay
52%
2514.5449.12 258 Yemen 483 Al Mukalla
52%
2769.22-51.1 4 Denmark 275 Ilulissat
52%
529.560.86 551 Iran 375 Zahedan
51%
63.5898.65 3,425 Indonesia 342 Medan
51%
1532.53-93.75 199 United States 274 Shreveport
51%
368.35-133.72 3 Canada 709 Inuvik
51%
19-7.93-14.42 - United Kingdom 1,296 Georgetown
51%
3113.4522.45 162 Sudan 314 Geneina
51%
2953.2534.37 427 Russia 238 Bryansk
51%
656.8560.6 1,600 Russia 1,018 Yekaterinburg
51%
31-33.9622.46 174 South Africa 272 George
51%
23-12.62141.88 2 Australia 418 Weipa
50%
6-2.52-44.27 1,410 Brazil 483 São Luís
50%
835.08-106.65 545 United States 366 Albuquerque
50%
332.1922.47 95 Democratic Republic of the Congo 322 Bumba
50%
2116.07108.22 752 Vietnam 493 Da Nang
50%
2512.25109.19 283 Vietnam 296 Nha Trang
50%
15-12.46130.84 129 Australia 720 Darwin
50%
3661.28108.02 2 Russia 302 Yerbogachen
49%
57.09171.38 25 Marshall Islands 661 Majuro
49%
2527.94109.6 370 China 237 Fenghuang
49%
26-22.5617.08 268 Namibia 1,141 Windhoek
49%
2668.54146.19 2 Russia 241 Belaya Gora
49%
25-40.81-63 48 Argentina 229 Viedma
48%
25-4.09-63.14 50 Brazil 293 Coari
48%
6-22.28166.46 93 France 1,457 Noumea
48%
269.74118.74 222 Philippines 432 Puerto Princesa
48%
32-6.1735.74 180 Tanzania 224 Dodoma
48%
1016.75-93.11 481 Mexico 363 Tuxtla Gutierrez
47%
22-3.32114.59 572 Indonesia 344 Banjarmasin
47%
1236.3543.15 1,470 Iraq 340 Mosul
47%
1021.2281.43 2,550 India 243 Bhilai
47%
40-0.97-62.92 7 Brazil 329 Barcelos
47%
19-8.56125.57 150 East Timor 280 Dili
47%
199.1499.33 127 Thailand 267 Surat Thani
47%
1341.7686.15 179 China 255 Sayibage
47%
88.77167.74 15 Marshall Islands 442 Ebaye
46%
564.73177.51 10 Russia 1,492 Anadyr
46%
22-26.57148.79 5 Australia 255 Roma
46%
952.12-106.63 198 Canada 487 Saskatoon
46%
5-18.14178.44 77 Fiji 1,332 Suva
46%
2231.62-2.22 143 Algeria 341 Bechar
46%
51.33172.98 40 Kiribati 1,871 Tarawa
46%
2017.6775.9 1,030 India 236 Sholapur
46%
517.7383.3 1,980 India 433 Vishakhapatnam
46%
7-17.73168.32 35 Vanuatu 539 Port Vila
46%
3055.64109.32 25 Russia 255 Severobaikalsk
45%
1444.08-103.23 67 United States 417 Rapid City
45%
5-8.52179.19 4 Tuvalu 873 Funafuti
45%
1746.81-100.78 61 United States 304 Bismarck
45%
36-20.31118.61 15 Australia 1,021 Port Hedland
45%
16-20.1657.5 155 Mauritius 880 Port Louis
45%
1156.8553.2 631 Russia 223 Izhevsk
44%
1537.22-93.3 159 United States 230 Springfield
44%
953.7687.11 539 Russia 226 Novokuznetsk
44%
1269.7170.3 4 Russia 240 Pevek
44%
1822.72-12.45 38 Mauritania 374 Zouerat
44%
2761.6896.38 3 Russia 231 Baykit
44%
28-12.1696.82 - Australia 985 West Island
44%
31-49.3570.22 - France 3,345 Port-aux-Francais
44%
33-28.78114.61 26 Australia 371 Geraldton
44%
2447.7496.84 16 Mongolia 272 Uliastay
44%
3158.61125.4 24 Russia 221 Aldan
44%
2158.3182.91 27 Russia 224 Kolpashevo
43%
14-29.05167.97 - Australia 709 Kingston
43%
1911.5943.15 623 Djibouti 432 Djibouti
43%
13-19.55169.27 1 Vanuatu 224 Isangel
43%
35-11.4734.02 175 Malawi 277 Mzuzu
43%
755.0382.96 1,650 Russia 1,291 Novosibirsk
43%
1749.9782.61 319 Kazakhstan 385 Ust-Kamenogorsk
43%
255.84118.12 392 Malaysia 226 Sandakan
43%
4517.733.99 107 Sudan 278 Atbara
43%
114.93-23.51 113 Cape Verde 650 Praia
43%
20-5.14119.43 1,780 Indonesia 775 Makassar
42%
2449.78-92.75 8 Canada 251 Dryden
42%
2253.83-101.25 6 Canada 301 The Pas
41%
2749.2119.7 211 China 366 Hailar
41%
36-35117.87 33 Australia 276 Albany
41%
2848.47-81.33 42 Canada 221 Timmins
41%
1142.87-106.31 55 United States 228 Casper
40%
29-16.659.66 - Mauritius 431 Cargados Carajos
40%
3261.7834.35 265 Russia 291 Petrozavodsk
40%
2-13.83-171.77 40 Samoa 1,151 Apia
40%
9-15.52167.16 13 Vanuatu 274 Luganville
39%
3064.5440.54 356 Russia 729 Arkhangel'sk
39%
2550.42124.12 135 China 244 Jagdaqi
38%
28-15.78128.74 5 Australia 405 Kununurra
38%
2871.69128.86 5 Russia 875 Tiksi
38%
12-77.85166.68 1 United States 3,482 McMurdo Station
38%
2028.37129.48 41 Japan 247 Naze
38%
6-8.54-172.52 - New Zealand 543 Atafu Village
38%
1132.02112.13 1,560 China 258 Xiangyang
38%
3563.28118.33 9 Russia 237 Nyurba
38%
1917.0254.09 163 Oman 598 Salalah
38%
2263.5753.68 102 Russia 257 Ukhta
38%
968.05166.44 5 Russia 616 Bilibino
38%
1050.55137.01 275 Russia 268 Komsomolsk-on-Amur
38%
756.0192.87 1,090 Russia 634 Krasnoyarsk
38%
10-0.53166.91 2 Nauru 700 Arijejen
38%
250.54123.06 144 Indonesia 224 Gorontalo
38%
54-10.7122.22 18 Angola 231 Luau
38%
24-10.17123.61 282 Indonesia 722 Kupang
37%
2513.14123.73 179 Philippines 245 Legaspi
37%
24-14.47132.26 5 Australia 259 Katherine
37%
3124.34124.16 44 Japan 247 Ishigaki
37%
24-0.89119.87 282 Indonesia 306 Palu
36%
45.32163.01 9 Federated States of Micronesia 647 Tofol
36%
28-8.5119.89 188 Indonesia 374 Labuhanbajo
36%
16-0.87134.08 53 Indonesia 314 Manokwari
36%
385.33132.22 - Palau 274 Sonsorol Village
36%
2766.94-53.67 5 Denmark 320 Sisimiut
35%
22-23.7133.88 25 Australia 1,284 Alice Springs
35%
253.04158.65 187 Russia 1,512 Petropavlovsk-Kamchatsky
34%
2051.13133.01 14 Russia 259 Chegdomyn
34%
23-19.65134.19 3 Australia 449 Tennant Creek
34%
4766.15-65.71 1 Canada 297 Pangnirtung
34%
1227.260.68 131 Iran 254 Iranshahr
34%
2118.342.73 387 Saudi Arabia 361 Khamis Mushait
34%
27-32.12133.68 1 Australia 336 Ceduna
33%
3953.73119.77 12 Russia 289 Mogocha
33%
1718.7998.98 200 Thailand 292 Chiang Mai
33%
38-5.81-61.3 14 Brazil 268 Manicore
33%
30-0.3642.55 234 Somalia 408 Kismayo
33%
1539.8198.29 122 China 367 Jiayuguan
33%
264.84-147.72 31 United States 418 Fairbanks
33%
41-23.36119.74 5 Australia 356 Newman
33%
1512.4498.6 173 Myanmar 251 Myeik
33%
926.1691.77 1,060 India 302 Guwahati
32%
219.73-155.09 43 United States 337 Hilo
32%
26-15.7835.01 584 Malawi 239 Blantyre
31%
2717.42102.79 247 Thailand 462 Udon Thani
30%
27-19.8434.84 530 Mozambique 449 Beira
30%
4011.7934.36 186 Sudan 238 Ad-Damazin
30%
24-10.89-61.95 107 Brazil 317 Ji Parana
29%
558.2534.58 42 Ethiopia 256 Gambela
29%
253.89-166.54 4 United States 820 Dutch Harbor
28%
23-37.07-12.31 - United Kingdom 2,429 Edinburgh of the Seven Seas
28%
556.32160.85 10 Russia 382 Klyuchi
28%
2539.9141.28 420 Turkey 239 Erzurum
27%
4-21.21-159.78 13 New Zealand 1,139 Avarua
27%
3830.9841.04 148 Saudi Arabia 332 'Ar'ar
27%
4-9.43159.95 56 Solomon Islands 1,402 Honiara
27%
461.53-166.1 1 United States 247 Hooper Bay
27%
38-23.9-61.85 10 Argentina 241 Ingeniero Guillermo N. Juarez
27%
4272.79-56.15 1 Denmark 274 Upernavik
27%
4066.77123.37 3 Russia 321 Zhigansk
26%
571.29-156.79 4 United States 807 Barrow
26%
1058.52-117.14 3 Canada 252 High Level
26%
1520.05110.32 1,800 China 370 Haikou
26%
11-6.97110.42 2,050 Indonesia 259 Semarang
26%
364.5-165.41 3 United States 453 Nome
25%
1211.6792.75 112 India 604 Port Blair
25%
559.08159.96 3 Russia 312 Palana
24%
16-5.55150.14 18 Papua New Guinea 269 Kimbe
24%
1253.7291.43 167 Russia 271 Abakan
24%
1042.8393.51 137 China 354 Hami
24%
1246.95142.74 176 Russia 354 Yuzhno-Sakhalinsk
23%
1925.3997.39 90 Myanmar 273 Myitkyina
22%
2048.0191.64 30 Mongolia 262 Khovd
22%
1439.06-108.55 58 United States 296 Grand Junction
22%
1658.2492.48 65 Russia 229 Lesosibirsk
22%
2-21.14-175.2 22 Tonga 744 Nuku'alofa
22%
1345.78-108.5 104 United States 593 Billings
22%
1931.1397.18 86 China 440 Qamdo
21%
201.55110.33 570 Malaysia 702 Kuching
21%
957.1565.53 519 Russia 300 Tyumen
20%
3346.78-56.18 6 France 238 Saint-Pierre
20%
2645.0441.97 363 Russia 236 Stavropol'
20%
6-20.32-40.37 1,790 Brazil 373 Vitória
20%
10-9.4-40.5 194 Brazil 274 Petrolina
19%
1044.8565.51 300 Kazakhstan 435 Kyzylorda
19%
309.5941.87 252 Ethiopia 241 Dire Dawa
19%
254.52-128.6 19 Canada 387 Terrace
19%
10-14.87-40.84 253 Brazil 327 Vitória da Conquista
19%
2927.5241.69 267 Saudi Arabia 262 Hayil
19%
865.28-126.83 1 Canada 432 Norman Wells
19%
5-13.28-176.17 1 France 383 Mata-Utu
19%
1051.7194.45 108 Russia 302 Kyzyl
18%
260.06-128.71 1 Canada 357 Watson Lake
18%
2663.1975.44 110 Russia 240 Noyabrsk
18%
8-25.07-130.1 - United Kingdom 539 Adamstown
18%
13-10.72165.83 - Solomon Islands 396 Lata
18%
12-12.15-44.99 158 Brazil 425 Barreiras
18%
2128.5865.42 30 Pakistan 235 Kharan
17%
1133.58-101.86 229 United States 433 Lubbock
17%
1862.1465.39 52 Russia 229 Nyagan
17%
135.92169.64 1 Marshall Islands 231 Jabor
17%
159.45170.24 - Marshall Islands 284 Wotje
17%
19-9.08143.21 15 Papua New Guinea 324 Daru
16%
2264.57143.24 9 Russia 682 Ust-Nera
16%
5-18.65-173.98 4 Tonga 303 Neiafu
16%
664.42-173.23 2 Russia 376 Provideniya
16%
18-3.55143.63 18 Papua New Guinea 263 Wewak
16%
2348.0170.79 13 Kazakhstan 227 Qarazhal
16%
3367.6453 18 Russia 270 Nar'yan-Mar
16%
14-7.08-41.47 57 Brazil 227 Picos
16%
2459.36143.21 5 Russia 430 Okhotsk
15%
46.96158.21 6 Federated States of Micronesia 561 Kolonia
15%
437.73-25.67 20 Portugal 972 Ponta Delgada
15%
2944.88110.12 19 Mongolia 417 Saynshand
15%
316.89-24.98 70 Cape Verde 267 Mindelo
15%
834.3562.2 272 Afghanistan 320 Herat
15%
1053.2163.62 210 Kazakhstan 258 Kostanay
14%
16-11.3-41.86 63 Brazil 257 Irece
14%
755.34-160.5 - United States 364 Sand Point
14%
12-18.85-41.95 250 Brazil 222 Governador Valadares
14%
8-16.51-151.75 4 France 256 Vaitape
14%
3612.6554.02 8 Yemen 333 Hadibu
14%
460.79-161.76 6 United States 573 Bethel
14%
657.79-152.41 6 United States 299 Kodiak
14%
466.9-162.6 3 United States 296 Kotzebue
13%
1960.1364.79 39 Russia 226 Uray
13%
1667.564.05 80 Russia 574 Vorkuta
13%
2461.99-49.67 1 Denmark 240 Paamiut
13%
24-12.19136.78 3 Australia 550 Nhulunbuy
13%
1037.5961.83 114 Turkmenistan 224 Mary
12%
21-30.56136.9 4 Australia 228 Roxby Downs
12%
103.91-159.39 - Kiribati 297 Napari Village
11%
5-6.21155.54 40 Papua New Guinea 603 Arawa
11%
666.32-179.12 2 Russia 235 Egvekinot
11%
162663.04 75 Pakistan 269 Turbat
11%
9-43.95-176.56 - New Zealand 684 Waitangi
10%
4-9.8-139.03 1 France 1,401 Atuona
10%
25-19.6863.42 6 Mauritius 596 Port Mathurin
10%
364.06-139.43 1 Canada 284 Dawson City
10%
2549.6363.5 5 Kazakhstan 230 Torghay
10%
668.75161.33 3 Russia 223 Cherskiy
9%
3-3.84-32.41 3 Brazil 370 Fernando de Noronha (Distrito Estadual)
9%
2562.82-92.08 2 Canada 853 Rankin Inlet
9%
12-54.28-36.51 - United Kingdom 1,455 Grytviken
9%
1062.52155.79 4 Russia 359 Omsukchan
7%
6-19.06-169.92 - New Zealand 430 Alofi
6%
8-22.45-151.34 1 France 553 Moerai
6%
870.22-150.98 3 United States 244 Nuiqsut
6%
5-15.95-173.8 - Tonga 284 Hihifo
5%
9-14.29-178.17 - France 242 Sigave
4%
10-10.45161.92 1 Solomon Islands 229 Kirakira
4%
6-8.1156.84 6 Solomon Islands 253 Gizo
4%
3465.93111.48 15 Russia 397 Aykhal
2%

Score Distribution

Percentile by Number Answered

Percent of People with Each Score

Your Score History

You have not taken this quiz